000 00647nam a2200241Ia 4500
003 OSt
005 20220924114937.0
006 a|||||r|||| 00| 0
007 ta
008 220923b |||||||| |||| 00| 0 ben d
020 _a8170796660
024 _a296952
037 _cTextual
040 _aARTS
_cARTS
_bben
041 _2ben
_aben
082 _aO157,3N34x, N6;1
100 _aGangopadhaya Sunil
_9176195
245 0 _aPratisodher ekdik
260 _aCalcutta
_bDey's Pub India
_c1996
650 _aBENGALI LITERATURE
942 _hO157,3N34x, N6;1
_cTEXL
_2CC
999 _c396103
_d396103